000 01018nam a22002297a 4500
005 20241007145543.0
010 _aHIN-128532
020 _c550.00
_a9789384657475
035 _aHN-100878
037 _bDBAD
082 _a181.499
_2प्रथम
100 _aओशो
_972427
245 _aमृत्योर्मा अमृतं गमय/
_cओशो
250 _aप्रथम
260 _aलखनऊ
_bदिव्यांश पब्लिकेशन्स
_c2015
270 _aम इ ज -222 , फेज -1, ल ड अ तिक्कैत राइ कॉलोनी
_bलखनऊ
_e226017
_k9415185960
_k08960250150
_mdivyanshpublications@gmail.com
_mdivyanshpublications@yahoo.co.in
300 _a286 पृष्ठ
_c22सेमी. (सजिल्द)
650 _aहिन्दी
_972428
700 _aसंजय गोरा
_969239
700 _aअंकुर श्रीवास्तव
_969240
942 _2ddc
_cHN
_h181.499
_mओशो
_e2015
999 _c206138
_d206138